| 000 | 00527nam a22001937a 4500 | ||
|---|---|---|---|
| 003 | NUST - PNEC | ||
| 005 | 20170116180809.0 | ||
| 008 | 150427b xxu||||| |||| 00| 0 eng d | ||
| 020 | _a8120718291 | ||
| 040 | _cLIBRARY | ||
| 082 | _a418 KUM. | ||
| 100 |
_93213 _aKumar Vijaya. |
||
| 245 |
_aThe Sterling Dictionary for Misspellers _c Vijaya Kumar. |
||
| 250 | _a- | ||
| 260 |
_aIndia : _bNew Delhi, _cc 1995. |
||
| 300 | _a138 p . : | ||
| 650 |
_93214 _aThe Sterling Dictionary for Misspellers _xGernal. |
||
| 942 |
_2ddc _cBK |
||
| 999 |
_c63304 _d63304 |
||